Handbook of applied photometry (Record no. 12877)

MARC details
000 -LEADER
fixed length control field 00544nam a2200181Ia 4500
003 - CONTROL NUMBER IDENTIFIER
control field IN-BaIIA
008 - FIXED-LENGTH DATA ELEMENTS--GENERAL INFORMATION
fixed length control field 211028s9999 xx 000 0 eng d
020 ## - INTERNATIONAL STANDARD BOOK NUMBER
International Standard Book Number 978-1-56396-416-9
040 ## - CATALOGING SOURCE
Transcribing agency IIA Library
080 ## - UNIVERSAL DECIMAL CLASSIFICATION NUMBER
Universal Decimal Classification number 535.2(035)
Item number HAN
245 #0 - TITLE STATEMENT
Title Handbook of applied photometry
Statement of responsibility, etc. edited by Casimer DeCusatis
260 ## - PUBLICATION, DISTRIBUTION, ETC.
Place of publication, distribution, etc. New York
Name of publisher, distributor, etc. American Institute of Physics
Date of publication, distribution, etc. 1998
300 ## - PHYSICAL DESCRIPTION
Extent xv, 463p.
650 ## - SUBJECT ADDED ENTRY--TOPICAL TERM
Topical term or geographic name entry element Optics
650 ## - SUBJECT ADDED ENTRY--TOPICAL TERM
Topical term or geographic name entry element Photometry
9 (RLIN) 1839
700 ## - ADDED ENTRY--PERSONAL NAME
Personal name DeCusatis, Casimer, ed.
9 (RLIN) 22586
942 ## - ADDED ENTRY ELEMENTS (KOHA)
Koha item type Books
Holdings
Withdrawn status Lost status Damaged status Not for loan Home library Current library Shelving location Date acquired Cost, normal purchase price Total Checkouts Full call number Barcode Date last seen Cost, replacement price Price effective from Koha item type Purchase Price
        IIA Library-Bangalore IIA Library-Bangalore General Stacks 04/02/1999 4368.00   535.2(035)/ HAN 13794 05/11/2021 4368.00 04/02/1999 Books Rs. 4368.00

Powered by Koha